000
00282nam a2200097Ia 4500
008
240331s9999 xx 000 0 und d
082
_b
CON
100
_a
Gamage, S. ed
245
0
_a
Conflict and community incontemporary SriLanka :
_b
Pearl of the East or the "Land of Tears"?
942
_c
L
999
_c
1395
_d
1395